| 000 | 00692nam a22001937a 4500 | ||
|---|---|---|---|
| 999 |
_c164296 _d164296 |
||
| 005 | 20190515161911.0 | ||
| 010 | _aUR-10128 | ||
| 020 |
_c300.00 _a9789387539938 |
||
| 035 | _aU-8683 | ||
| 037 | _bDBAD/PUB | ||
| 082 | _a841 | ||
| 100 | _aعبد المنا ن ظر ز ی | ||
| 245 |
_aنعت گو يا ن غير مسلم _cعبد المنا ن ظر ز ی |
||
| 246 |
_bNaat Goyan-e-Ghair Muslim (Urdu) _abyProf.Abdul Manan Tarzi |
||
| 260 |
_a Delhi _bEducational Publishing House _c2018 ء |
||
| 270 |
_a3191،Vakil Street,Kucha Pandit,Lal Kuan, _bDelhi _e110006 _k23216162 _l00911123211540 |
||
| 300 |
_a284ص _c22 Cm.(bk) |
||
| 942 |
_2ddc _cUR _h841 _mط ر ز |
||